000 01157nam a2200337 i 4500
001 000015290
003 DO-SdBNP
005 20260305073958.0
007 ta
008 100204s2005 dr 001 0 spa d
020 _a9993473324
040 _aDO-SdBNP
_bspa
_cBNPHU
_erda
041 _aspa
049 _aBNPD
082 4 _aRD863.5
_bG377h
_222
100 1 _aGerón, Candido,
_d1948-
_eautor
_4aut.
_93577
245 1 3 _aLa historia de Laura Aguirre :
_bnovela /
_cCándido Gerón ; diagramación, Felix Matos M.
264 4 _aSanto Domingo, Republica Dominicana :
_bEditora de Colores,
_c©2005.
300 _a267 páginas ;
_c22 cm.
336 _atexto
_btxt
_2rdacontent
337 _asin mediación
_bn
_2rdamedia
338 _avolumen
_bnc
_2rdacarrier
500 _aIncluye datos biográficos del autor en las solapas
590 _aInventariado, 2023/BT
650 4 _aNovela dominicana
_9223
650 4 _aLiteratura dominicana.
_967
700 1 _aMatos M., Felix,
_eDiagramador
_4diag.
_987869
700 1 _aCornelio Marte, Rafael,
_eDiseño de portada
_4di.
_987868
910 _aBtavárez. VAlidado. Control de Calidad/MAA
942 _2ddc
_cLBS1
999 _c14856
_d14856